| 000 | 01355cam a22003617a 4500 | ||
|---|---|---|---|
| 003 | CHAP | ||
| 005 | 20220329142332.0 | ||
| 008 | 000803d2000 mx r 00110 spa d | ||
| 010 | _a81936 | ||
| 011 | _a82908 | ||
| 035 | _a93413 | ||
| 040 | _cCHAP | ||
| 090 | _aTesis | ||
| 100 | 0 | 0 |
_aRojano Valdés, María Eugenia. _999263 |
| 245 | 1 | 0 |
_aProcesos organizativos en nueve grupos campesinos del municipio de Ozumba, Estado de México (1996-1999) _c/por María Eugenia Rojano Valdés |
| 260 |
_aChapingo, Méx. : _bEl autor, _c2000. |
||
| 300 |
_a153 h. : _bcuadros |
||
| 502 | _aTesis (M.C. Desarrollo Rural Regional) -- UACH. Dirección de Centros Regionales | ||
| 590 |
_aALEPH _b10 _c20130110 _lUCH01 _h1436 |
||
| 590 |
_aBATCH-UPD _b10 _c20130110 _lUCH01 _h0355 |
||
| 590 |
_aBATCH-UPD _b10 _c20130110 _lUCH01 _h1840 |
||
| 590 |
_aBATCH-UPD _b10 _c20130410 _lUCH01 _h0029 |
||
| 590 |
_aBATCH-UPD _b10 _c20130914 _lUCH01 _h0829 |
||
| 590 |
_aCONVERSION _b10 _c20130109 _lUCH01 _h1345 |
||
| 650 | 1 | 4 |
_aAgricultura _xSociedades _xMexico (Edo.) _91810 |
| 650 | 1 | 4 |
_aCampesinado _xMéxico (Edo.) _918026 |
| 650 | 1 | 4 |
_aDesarrollo de la comunidad rural _zMéxico (Edo.). _932042 |
| 901 | _aBK | ||
| 905 | _aMayto Villalobos S. | ||
| 942 | _cFOLL | ||
| 949 |
_bBC _cTES _d33724000784666 _eTS2 _fc.2 _h36616 _i93413 _sb |
||
| 949 |
_bBC _cTES _d934131 _eTS1 _h36615 _i93413 _sb |
||
| 999 |
_c81936 _d81936 |
||